000 01082nam a2200253Ia 4500
999 _c54664
_d54664
001 21731
003 GE_BSU
005 20220125171125.0
008 181216s ||||ge |||||||||||||| ||geo||
020 _a9789941460395
040 _cGE_BSU
041 _ageo
080 _a373.5(479.223)+371.12(479.223) ა-14
100 _aაბაშიძე, ლამარა
_913453
245 _aხელვაჩაურის სკოლის მატიანე /
_cლამარა აბაშიძე, ნოდარ ბასილაძე ; რედ. ე. ბოლქვაძე.
264 _aბათუმი :
_bს.ს. "გამ-ბა აჭარა,
_c2017.
300 _a271 გვ. :
_bილ. ;
_c21სმ.
541 _h5 ლ.
653 _aპედაგოგიკა
653 _aხელვაჩაურის სკოლის მატიანე
700 _aბასილაძე, ნოდარ
_eავტორი
_913454
700 _aბოლქვაძე, ე.
_eრედაქტორი
_913455
942 _cBK
_2udc